Statistics for Some of the world's most dangerous animals.....

Click here to take the quiz!

General Stats

  • This quiz has been taken 214 times
  • The average score is 5 of 10

Answer Stats

Hint Answer % Correct
Big catAfrican lion
96%
They are a type of SnakesCobra
71%
Another type of BEARPolar Bear
68%
A type of BEARGrizzly Bear
64%
Carcharodon carchariasGreat White Shark
61%
The most dangerous(You will be surely knowing)..Mosquito
58%
Mostly found in India.Some are calm but some are wild.Elephant
55%
Red sweatHippopotamus
47%
Beautiful and dangerousBox Jellyfish
19%
This species kills over 200 people a year.Cape Buffalo
6%

Score Distribution

Percentile by Number Answered

Percent of People with Each Score

Your Score History

You have not taken this quiz